| 000 | 02506agaaa2200325 4500 | ||
|---|---|---|---|
| 001 | 5767 | ||
| 003 | IT-RoPAU | ||
| 005 | 20220918181239.0 | ||
| 007 | d cvaizq | ||
| 008 | 50131s9999||||xx ||| | || ||und|| | ||
| 040 |
_aIT-RoPAU _cIT-RoPAU |
||
| 041 | _aITALIANO | ||
| 100 |
_aBertolucci Bernardo _gCodice regista SPICS: 9230 _944716 |
||
| 130 |
_aNOVECENTO (ATTO II) _944717 |
||
| 245 |
_aNOVECENTO (ATTO II) _cProdotto da: Grimaldi Alberto -- Sceneggiatura: Bertolucci Bernardo Bertolucci Giuseppe Arcalli Franco -- Diretto da: Bertolucci Bernardo _pNOVECENTO (ATTO II) (Rif. Codice opera principale : H5767) |
||
| 250 | _aEdizione Standard | ||
| 260 |
_a(ITA - FRA - GERMANI) _bPEA (ROMA) - PAA (PARIGI) - ARTEMIS (BERLIN / Distribuzione: IL MESSAGGERO _g"1976 (1° ed.: 2005 ; Ed. Lingua Orig.: 1976)" |
||
| 300 |
_aDVD _bsonoro, col. _c146 minuti |
||
| 508 | _a"Fotografia: Storaro Vittorio; Montaggio: Arcalli Franco; Musica: Morricone Ennio; Sceneggiatura: Bertolucci Bernardo Bertolucci Giuseppe Arcalli Franco; Scenografia: Frigerio Ezio; Soggetto: Bertolucci Bernardo -- Arcalli Franco" | ||
| 511 | _a"De; Niro Robert; Depardieu Gerard; Sanda Dominique; Bertini Francesca; Betti Laura" | ||
| 520 | _a"SECONDA PARTE DEL FILM. PERIODO FASCISTA: LE STRADE DI OLMO E ALFREDO SI SEPARANO. IL PRIMO, VEDOVO, FA IL NORCINO E CONTINUA LA LOTTA; IL SECONDO SIRINCHIUDE NEL PRIVATO. IL 25 APRILE 1945 SI PROCESSANO I PADRONI. OLMO GUIDA I CONTADINI CONTRO L'ANTICO AMICO. ALFREDO E' CONDANNATO SIMBOLICAMENTE A MORTE MENTRE IL SUO FATTORE, IL CRUDELE FASCISTA ATTILA, VIENE UCCISO. MAL'AMICIZIA TRA OLMO E ALFREDO SOPRAVVIVE ANCORA, INVECCHIERANNO BISTICCIANDO AMICHEVOLMENTE. IN QUESTO SECONDO ATTO SI ACCENTUA L'ASPETTO FORTEMENTE POLITICO DEL RACCONTO CHE SI IMMERGE NELLA REALTA' DEL FASCISMO E DELLA LOTTA DI LIBERAZIONE. LA DISGREGAZIONE DELL'AMICIZIA, LE LOTTE PROLETARIE E LAVIOLENZA FASCISTA, LA GUERRA E LA RESISTENZA DA UN LATO E LA POESIA DELLA NATURA DALL'ALTRO CONCORRONO A FORMARE UN GRANDIOSO AFFRESCO." | ||
| 538 | _aPAL, STEREO | ||
| 546 | _aITALIANO | ||
| 650 |
_aDRAMMATICO _eDVD-FILM [DVD] _xCodice MATERIA SPICS: 9947 _944718 |
||
| 700 |
_aArcalli Franco _e(soggetto) _gCodice Soggetto 2° SPICS: 9824 _944719 |
||
| 700 |
_aBertolucci Bernardo _e(regista) _gCodice regista SPICS: 9230 _944720 |
||
| 700 |
_aBertolucci Bernardo _e(soggetto) _gCodice Soggetto SPICS: 9230 _944721 |
||
| 700 |
_aMorricone Ennio _e(musica) _gCodice Musica SPICS: 3535 _944722 |
||
| 942 |
_cDV _2ddc |
||
| 999 |
_c106033 _d106033 |
||